LEADER 01366nam a2200301 u 4500 001 000000054876 003 CaOOAMICUS 005 20070226115725.0 008 010109s1999 it u000 u ita u 020 $a8880710737 035 $a10865058 040 $aPUL$bita 041 1 $aita$hfre 100 1 $aSchenker, Adrian,$cO.P.,$d1939-$0(OLS)http://pul/name/14737 240 10$aChemins bibliques de la non-violence.$lItaliano.$0(OLS)http://pul/title/73532 245 10$aPercorsi biblici della riconciliazione = :$b(Chemins bbiliques de la non-violence) /$cAdrian Schenker ; postfazione: p. Dalmazio Mongillo o.p. 260 $aReggio Emilia :$bEdizioni San Lorenzo,$cc1999. 300 $a232 p. ;$c23 cm 504 $aComprende riferimenti bibliografici. 650 4$aNon violenza.$0(OLS)http://pul/subject/16998 700 1 $aMongillo, Dalmazio,$cO.P.$0(OLS)http://pul/name/35318 850 $aPUL 852 $aPUL$W1$xSL Religione 1$y3$m68 C 95$j72223$nBK-PRI$b $qStampati$B72223$CPULBib$Z2$F72223 $H $81 941 1 $a8 961 $aINV: 83355 996 $6020$a8880710737$9(OLS)http://pul/number/69080 996 $6245$aPercorsi biblici della riconciliazione = :$b(Chemins bbiliques de la non-violence)$9(OLS)http://pul/title/73533 996 $6260$aReggio Emilia :$bEdizioni San Lorenzo$9(OLS)http://pul/publisher/68877 LEADER 01579nam a2200313 u 4500 001 000000048883 003 CaOOAMICUS 005 20070226115041.0 008 000602s1993 it u000 u ita u 035 $a10849165 040 $aPUL$bita 100 1 $aBelardinelli, Sergio.$0(OLS)http://pul/name/34707 245 14$aUna sociologia senza qualità :$bsaggi su Luhmann /$cSergio Belardinelli ; in appendice Discussioni con Niklas Luhmann. 260 $aMilano :$bF. Angeli,$cc1993. 300 $a142 p. ;$c22 cm 490 1 $aSociologia e politica sociale.$aSez. 1, Testi ;$v17 504 $aBibliografia in nota. 600 14$aLuhmann, Niklas,$d1927-1998.$0(OLS)http://pul/subject/20607 650 4$aSociologia$xTeorie.$0(OLS)http://pul/subject/19121 830 0$aSociologia e politica sociale.$nSez. 1,$pTesti ;$v17.$0(OLS)http://pul/title/58669 850 $aPUL 852 $aPUL$W1$xSL Religione 2$y84$mRH A 69$j65042$nBK-PRI$b $qStampati altre collocazioni$B65042$CPULBib$Z2$F65042 $H $81 852 $aPUL$W1$xCollocazioni Temporanee$y24$mGP2.532$j65043$nBK-PRI$b $qStampati$B65043$CPULBib$Z2$F65043 $H $81 852 $aPUL$W1$xDP1 Cons. Gen., Altre Classi 1$y22$m44 F 32$j124706$ac. 3$qStampati$B123453$CPULBib$Z2$F123453 $H81924 $82 941 1 $a10 941 1 $a8 961 $aINV: 81924 996 $6245$aUna sociologia senza qualità :$bsaggi su Luhmann$9(OLS)http://pul/title/65892 996 $6260$aMilano :$bF. Angeli$9(OLS)http://pul/publisher/48323